000 00758nam a2200301Ia 4500
001 Z_4465
003 CHAP
008 220113s1986 xx 000 0 und d
010 _a167538
040 _cCHAP
082 _a636.085 L4
100 _aLeng, Ronald Alfred
_965978
245 _aDrought-feeding strategies : theory and practice /
_cpor Ronald Alfred Leng
260 _aArmidale, New South Wales :
_bPenambul,
_c1986
300 _a139 p. + indice
440 _a
500 _a
503 _a144024
650 _aAlimentos y alimentación del ganado
_94326
650 _aNutrición animal
650 _aSequías I. t.
_9141777
901 _a636.085 L4
902 _aA
910 _a1986
942 _c1
942 _cc1
999 _c167538
_d167538